Statystyki dla Myśl szybko – następna litera alfabetu

Kliknij tutaj aby rozwiązać quiz!

Ogólne statystyki

  • Ten quiz został rozwiązany 30 razy
  • Średni wynik to 8 z 25

Statystyki odpowiedzi

literanastępna litera% Poprawnych
HI
52%
XY
52%
GH
48%
IJ
48%
AB
43%
JK
43%
KL
43%
NO
38%
OP
33%
PQ
33%
RS
33%
VW
33%
BC
29%
DE
29%
EF
29%
FG
29%
QR
29%
ST
29%
TU
29%
WX
29%
YZ
29%
CD
24%
LM
24%
MN
19%
UV
10%

Rozkład punktacji

Percentyl według liczby udzielonych odpowiedzi

Procent ludzi z każdym wynikiem

Twoja historia wyników

Nie rozwiązałeś tego quizu